Спирт. Ч. 1: Руководство по винокурению (Запись № 6605514)

Подробности
000 -МАРКЕР
контрольное поле 01619nam2a22003131 4500
001 - ИДЕНТИФИКАТОР ЗАПИСИ
контрольное поле v19\rc\1938857
005 - ИДЕНТИФИКАТОР ВЕРСИИ
контрольное поле 20251118180808.9
035 ## - ДРУГИЕ СИСТЕМНЫЕ НОМЕРА
Идентификатор записи (NLR Aleph) 005022630
100 ## - ДАННЫЕ ОБЩЕЙ ОБРАБОТКИ
Данные общей обработки 20080404d1904 u y0rusy50 ca
101 0# - ЯЗЫК РЕСУРСА
Язык текста, звукозаписи и т.д. русский
102 ## - СТРАНА ПУБЛИКАЦИИ ИЛИ ПРОИЗВОДСТВА
Страна публикации российская федерация
105 ## - ПОЛЕ КОДИРОВАННЫХ ДАННЫХ: ТЕКСТОВЫЕ МАТЕРИАЛЫ, МОНОГРАФИЧЕСКИЕ
Кодированные данные о монографическом текстовом документе a z |||||
200 1# - ЗАГЛАВИЕ И СВЕДЕНИЯ ОБ ОТВЕТСТВЕННОСТИ
Основное заглавие Руководство по винокурению
Сведения, относящиеся к заглавию Сост. по 8-му изд. Меркера и др. новейшим источникам
210 ## - ПУБЛИКАЦИЯ, РАСПРОСТРАНЕНИЕ И ДР.
Дата издания, распространения и т.д. 1904
215 ## - ФИЗИЧЕСКАЯ ХАРАКТЕРИСТИКА
Специфическое обозначение материала и объем 807 с.
Другие сведения о физической характеристике ил.
300 ## - ОБЩИЕ ПРИМЕЧАНИЯ
Текст примечания Ч. 1 выходила отд. вып.
316 ## - ПРИМЕЧАНИЯ ОБ ОСОБЕННОСТЯХ ЭКЗЕМПЛЯРА
Текст примечания Экземпляр РНБ (37.33.6.8(1)): утрачен
Организация и экземпляр, к которому относится поле NLR: 37.33.6.8(1)
461 #0 - УРОВЕНЬ НАБОРА
Встроенное поле 001v19\rc\1938856
-- 2001#$aСпирт$fСост. по 9-му изд. Меркера и др. новейшим источникам инж.-химик К. Шиллинг, зав. Губ. акциз. лабораторией в Саратове. Ч. -2$vЧ. 1
-- 700#1$aШиллинг$bК.Ю.$gКарл Юльевич$4220
Системный номер (АБИС) связанной записи 6605506
Автор Шиллинг, К.Ю.
Место публикации Рига
Дата публикации 1904-1912
Первые сведения об ответственности Сост. по 9-му изд. Меркера и др. новейшим источникам инж.-химик К. Шиллинг, зав. Губ. акциз. лабораторией в Саратове. Ч. -2
Имя издателя, распространителя и т.д. Н. Киммель
Заглавие Спирт
Номер тома Ч. 1
702 #1 - ИМЯ ЛИЦА - ВТОРИЧНАЯ ОТВЕТСТВЕННОСТЬ
Начальный элемент ввода Меркер
Часть имени, кроме начального элемента ввода М.Г.
Даты 1842-1901
Расширение инициалов личного имени Макс Генрих
Код отношения Библиографический предшественник
801 #0 - ИСТОЧНИК ЗАПИСИ
Страна российская федерация
Организация NLR
Правила каталогизации psbo
801 #0 - ИСТОЧНИК ЗАПИСИ
Страна российская федерация
Организация RuMoRGB
Источник данных psbo
801 #1 - ИСТОЧНИК ЗАПИСИ
Страна российская федерация
Организация ProSoft-M
Источник данных rusmarc
852 ## - МЕСТОНАХОЖДЕНИЕ И ШИФР ХРАНЕНИЯ
Идентификатор организации NLR
Шифр хранения (Call Number) 37.33.6.8(1)
899 ## - ДАННЫЕ О МЕСТОНАХОЖДЕНИИ (устаревшее)
Местонахождение RuMoRGB
Шифр хранения J 64/96
899 ## - ДАННЫЕ О МЕСТОНАХОЖДЕНИИ (устаревшее)
Местонахождение RuMoRGB
Шифр хранения J 2/151
899 ## - ДАННЫЕ О МЕСТОНАХОЖДЕНИИ (устаревшее)
Местонахождение БАН
942 ## - ДОПОЛНИТЕЛЬНЫЕ ЭЛЕМЕНТЫ ЗАПИСИ (АБИС)
Тип экземпляра АБИС Книга
980 ## - КОЛЛЕКЦИЯ
Название коллекции Национальная библиография
Экземпляры
Тип экземпляра Дата поступления Библиотека постоянного хранения Библиотека текущего хранения Место хранения Шифр хранения Штрих-код Статус не для выдачи
Книга 26.10.2013 РНБ (Садовая) РНБ (Садовая) Русский книжный фонд -Главное здание, Ленинский читальный зал 37.33.6.8(1) 5022630-10